Teorie a praxe řízení v zahraničí příručka ke cvičením

Gespeichert in:
Bibliographische Detailangaben
1. Verfasser: Boukal, Petr
Format: Buch
Sprache:Tschechisch
Veröffentlicht: Praha VŠE 1989
Ausgabe:1. vyd.
Tags: Tag hinzufügen
Keine Tags, Fügen Sie das erste Tag hinzu!

MARC

LEADER 00000nam a2200000 4500
001 c033556
005 20221215120839.9
041 0 |a cze 
044 |a CZ 
245 1 0 |a Teorie a praxe řízení v zahraničí  |b příručka ke cvičením  |c Petr Boukal 
250 |a 1. vyd. 
264 1 |a Praha  |b VŠE  |c 1989 
300 |a 55 s. 
100 1 |a Boukal, Petr